[Event "EU-chT (Men) 10th"]
[Site "Debrecen"]
[Date "1992.11.??"]
[Round "2.1"]
[White "Bologan, Viktor"]
[Black "Piket, Jeroen"]
[Result "1-0"]
[WhiteElo "2585"]
[BlackElo "2615"]
[Annotator "Bulletin"]
[PlyCount "83"]
[EventDate "1992.11.20"]
[EventType "team-swiss"]
[EventRounds "9"]
[EventCountry "HUN"]
[SourceTitle "EU-chT"]
[Source "ChessBase"]
[SourceDate "1999.07.01"]
[SourceVersion "2"]
[SourceVersionDate "1999.07.01"]
[SourceQuality "1"]
[WhiteTeam "Moldova"]
[BlackTeam "Netherlands"]
[WhiteTeamCountry "MDA"]
[BlackTeamCountry "NED"]

1. e4 e5 2. Nf3 Nc6 3. Bc4 Nf6 4. d3 Be7 5. O-O O-O 6. Re1 d6 7. c3 Na5 8. Bb5
a6 9. Ba4 c5 10. Nbd2 b5 11. Bc2 Re8 12. Nf1 Bb7 13. a3 Rc8 14. Ne3 c4 (14...
d5 $2 15. exd5 Nxd5 16. Nxd5 Bxd5 17. Nxe5 $16) (14... Nc6 15. Bb3 {/\ h3,
Nh2-g4+/=}) 15. Nf5 Bf8 (15... cxd3 16. Qxd3 {/\ a4, Bg5}) 16. Bg5 (16. d4 exd4
17. Qxd4 Nc6 18. Qd1 Ne5 19. N3d4 Ng6 {/\ d5=}) 16... h6 17. Bh4 g6 (17... cxd3
$1 $8 18. Qxd3 g6 19. Ne3 Nc4 $1 (19... g5 20. Nxg5 $1 hxg5 21. Bxg5 {/\ Nf5->}
) 20. Rab1 $5 g5 21. Nxg5 hxg5 22. Bxg5 Nxe3 23. Rxe3 Bg7 $8 (23... Be7 24. Rg3
) (23... Re6 24. Bb3) 24. Bb3 $1 $13) 18. Bxf6 (18. d4 $1 {Komliakov,V} exd4 (
18... gxf5 19. dxe5 dxe5 20. Qxd8 Rcxd8 21. Bxf6 $18) 19. Qxd4 $18) 18... Qxf6
19. Ne3 cxd3 20. Qxd3 Nc4 21. Rab1 (21. b3 $2 Nxe3 22. Rxe3 d5 $1 23. exd5 e4
$1 24. Rxe4 Rxe4 25. Qxe4 Qxc3 $19) (21. Bb3 d5 $1 (21... Nxb2 $4 22. Qb1 $18)
22. Nxd5 Bxd5 23. exd5 Nxb2 24. Qc2 Nc4 25. a4 $13) 21... Rc5 (21... Nxe3 22.
Rxe3 {/\ Bb3+/=}) 22. Nd2 Rec8 23. Ndxc4 (23. Bb3 $5 Qe6 {/\ d5=} (23... Nxd2
$6 24. Qxd2 Bxe4 25. Ng4 Qf5 26. Rxe4 $1 h5 $1 $8 27. Bd5 hxg4 28. Rd1 {
/\ Qe2+/=})) 23... bxc4 24. Qe2 h5 25. Rbd1 Qe6 26. Rd2 Bc6 27. Qd1 (27. Bb1 $5
{/\ Qf3, Ba2, Red1}) 27... Rb8 28. Bb1 Qe7 29. Ba2 (29. Qf3 Qb7 30. Red1 $10)
29... Bh6 30. Bb1 (30. Qf3 {>=}) 30... Qb7 31. Qf3 Rb5 32. Ree2 Rb3 (32... Bxe3
$10) 33. Nxc4 Bxd2 34. Rxd2 Qc7 35. Ba2 Ba4 (35... R3b7 {>=} 36. b4 Rd8 37. Na5
Rb6 38. Qf6 d5 39. Qg5 $1 $18) 36. Bxb3 Bxb3 37. Nxd6 Qc5 38. h3 a5 39. c4 Qa7
40. Qf6 a4 41. Qxe5 Qc7 42. Nxf7 1-0

[Event "Nanjing FIDE GP (Women)"]
[Site "Nanjing"]
[Date "2009.10.05"]
[Round "7"]
[White "Fierro Baquero, Martha Lorena"]
[Black "Zhao, Xue"]
[Result "0-1"]
[WhiteElo "2386"]
[BlackElo "2542"]
[Annotator "CB"]
[PlyCount "134"]
[EventDate "2009.09.28"]
[EventType "tourn"]
[EventRounds "11"]
[EventCountry "CHN"]
[EventCategory "8"]
[SourceTitle "CBM 132 Extra"]
[Source "ChessBase"]
[SourceDate "2009.11.03"]
[SourceVersion "1"]
[SourceVersionDate "2009.11.03"]
[SourceQuality "1"]

1. e4 e5 2. Nf3 Nc6 3. Bb5 a6 4. Ba4 Nf6 5. O-O Be7 6. d3 b5 7. Bb3 d6 8. c3
O-O 9. Re1 Na5 10. Bc2 c5 11. Nbd2 Nc6 (11... Nd7 12. Nf1 Nb6 13. Ng3 Nc6 14.
h3 Be6 15. d4 exd4 16. cxd4 cxd4 17. Ne2 Nb4 18. Bb1 d3 19. Nf4 Bf6 20. Nxe6
fxe6 21. a3 Nc2 22. Bxc2 dxc2 23. Qxc2 Rc8 {0-1 Fierro Baquero,M (2403)-Koneru
Humpy (IND) (2621)/Istanbul (Turkey) 2009 (53)}) 12. Nf1 h6 13. h3 Be6 14. Ng3
(14. a4 Re8 15. Ne3 Bf8 16. Nh2 d5 17. exd5 Nxd5 18. Qf3 b4 19. Nc4 Rb8 20. Bd2
Qc7 21. Ng4 Bxg4 22. hxg4 bxc3 23. bxc3 Nb6 24. Ne3 g6 {1-0 Smirin,I (2555)
-Nikolic,P (2625)/Tilburg5.03 ') 1992 (59)}) (14. d4 cxd4 15. cxd4 exd4 16.
Nxd4 Nxd4 17. Qxd4 Rc8 18. Bb3 (18. Ne3 Re8 19. Bd2 Nh5 20. a4 Bf6 21. Qb4 Nf4
22. axb5 axb5 23. Qxb5 Be5 24. Qf1 Qh4 25. Ba4 Bxh3 {1/2-1/2 Lopez Martinez,J 
(2563)-Sutovsky,E (2637)/Dresden GER 2007/CT-2348 (32)}) (18. Bd3) 18... Bxb3
19. axb3 Nd7 20. Ng3 Nc5 21. Qe3 Bg5 22. Qf3 Bxc1 23. Raxc1 Qe7 {0-1 Maslak,K 
(2552)-Ozgibcev,A (2481)/Internet 2004 (77)}) 14... Rc8 (14... Re8 15. d4 cxd4
16. cxd4 exd4 17. Nxd4 Nxd4 18. Qxd4 Rc8 19. Bb3 d5 20. e5 Nd7 21. Bd2 Bc5 22.
Qf4 Nf8 23. Rad1 Ng6 24. Qf3 Qh4 25. Nf5 {1/2-1/2 Berndt,S (2500)-Piket,J 
(2635)/Neukoelln GER 1999 (58)}) 15. a3 {I am not so sure this novelty is
better than the previously played ideas. However, black seems to have already
got a reasonable game here} (15. Be3 Qc7 16. Rc1 Rfd8 17. d4 d5 18. Nxe5 Nxe5
19. Bf4 Bd6 20. exd5 Nf3+ 21. Qxf3 Bxf4 22. dxe6 Bxc1 23. exf7+ Kf8 24. Rxc1
cxd4 25. Bb3 $18 {1-0 Movsesian Sergei (SVK) (2747)-Predojevic Borki (BIH) 
(2652)/Sarajevo (Bosnia & Herzegovin 2009 (29)}) (15. Nh2 Nh7 16. Ng4 Bg5 17.
Ne3 Nf6 18. Nh5 Nxh5 19. Qxh5 Ne7 20. a4 b4 21. cxb4 cxb4 22. Qd1 Nc6 23. Bb3
Bxb3 24. Qxb3 Nd4 25. Qxb4 Bxe3 26. Bxe3 {0-1 Sedlak,N (2518)-David,A (2591)/
Kusadasi TUR 2006 (53)}) 15... Re8 16. d4 $6 {Maybe Be3 and Rc1 was more
accurate} cxd4 17. cxd4 exd4 18. Ne2 Bf8 (18... d3 $5 19. Bxd3 Ne5 20. Nc3 (20.
Nxe5 dxe5 {is fine for black}) 20... Nxd3 21. Qxd3 Bc4 22. Qc2 Nd7 $15) 19.
Nexd4 Bd7 20. Bf4 Ne5 21. Bg3 Qc7 22. Rc1 Qb7 23. Nxe5 dxe5 24. Nf3 {white has
recovered well and has got a little pull here actually} Bc6 $1 (24... Qb8) 25.
Nxe5 {would tie the queen down to defending the pawn} Bxe4 26. Bxe4 Nxe4 27.
Rxc8 Rxc8 28. Qf3 $11 Nd6 29. Qxb7 Nxb7 30. Nd7 Bd6 31. Bxd6 Nxd6 32. Re2 {
of course the position is equal but making a draw is another story} a5 33. Rd2
Rc6 34. Ne5 (34. Rd5) 34... Ra6 35. Rc2 f6 36. Nc6 {if white wanted to make a
draw she could have just played} (36. Rc6 Rxc6 37. Nxc6) 36... a4 37. Nd4 Ra7
38. Rc6 Rd7 39. Rb6 Nc4 40. Rb8+ Kf7 41. Nxb5 Nxb2 42. Nc3 Rd3 43. Ne4 {
actually white could have played a similar sort of zugzwang/protection idea
here} (43. Rb7+ Kg6 44. Rc7 {and the knight on b2 is without moves} Nd1 45.
Nxa4 Rxa3 46. Nc5 Rc3 $11) 43... Nd1 44. Rb7+ Kg6 45. g4 (45. Rb1 Nc3 46. Nxc3
Rxc3 47. Ra1 $17 {is uncomfortable for white but better than the game move} (
47. Rb7 Rxa3 48. Ra7 $17 {but defendable})) 45... h5 46. gxh5+ Kh6 47. Ng3 Rxa3
48. Nf5+ (48. Rd7 $5 {is given by Rybka as better than Nf5} Nc3 49. Nf5+ Kxh5
50. Rxg7 Ne2+ 51. Kf1 Ra2 (51... Nf4 $2 52. Ng3+ $1 {and black must go for a
repetition with Kh6 as Kh4 loses the knight}) 52. Rg4 $5 a3 53. Nd6 Nc3 54. Ne8
{threatening perpetual} Nd5 55. Rd4 Ra1+ 56. Kg2 Ne7 57. Nxf6+ Kg6 58. Ne4 a2
59. Ra4 {and white is there just in time... fantastic}) 48... Kg5 $6 49. Ng3 $1
Kh6 50. Nf5+ Kxh5 {forced if black wants to win} 51. Rxg7 Rf3 52. Ng3+ Kh6 53.
Rd7 (53. Ra7 $1 a3 54. Ne4 $15) 53... Nc3 $15 (53... Nxf2 54. Kg2 Nd3 $1 $17)
54. Kg2 Rf4 55. Ra7 Rb4 56. Nf5+ Kg5 57. Ne3 Kg6 58. Ra6 Kf7 59. Kg3 Rb3 60.
Ng4 $2 (60. Ra7+ Ke6 61. Ra6+ Ke5 62. h4 f5 63. Kf3 f4 64. Nc4+ Kd4 65. Nd2 Rb2
66. Ne4 $1 $11) 60... Nd5+ (60... a3 61. Rxf6+ Kg7 62. Ra6 a2 $19) 61. f3 a3
62. h4 Nb4 63. Rxf6+ $2 (63. Ra7+ Kg6 64. h5+ $1 {was the last chance here}
Kxh5 65. Nxf6+ Kg6 (65... Kh6 66. Kg4 $1 (66. Nd7 a2 67. Ne5 Rc3 $1 {is
winning however}) 66... Kg6 (66... a2 $4 67. Ng8+ Kg6 68. f4 $18) 67. Ne4 a2
68. f4 Rb1 69. f5+ Kh6 70. Nf6 {and black must go for the perpetual with
Rg1-h1 since white threatens two mates}) 66. Nd7 $1 {and the position is equal
as white manages to get a knight to c6 e.g.} a2 67. Ne5+ Kf5 68. Nc6 (68. Ra5 {
is just fancy}) 68... Nxc6 69. Rxa2 $11) 63... Ke7 64. Rf5 a2 $19 {now its
definitely all over} 65. Ra5 Rb1 66. Ra7+ Ke6 67. h5 a1=Q 0-1

[Event "Nanjing FIDE GP (Women)"]
[Site "Nanjing"]
[Date "2009.10.02"]
[Round "5"]
[White "Fierro Baquero, Martha Lorena"]
[Black "Shen, Yang"]
[Result "1/2-1/2"]
[WhiteElo "2386"]
[BlackElo "2453"]
[Annotator "CB"]
[PlyCount "121"]
[EventDate "2009.09.28"]
[EventType "tourn"]
[EventRounds "11"]
[EventCountry "CHN"]
[EventCategory "8"]
[SourceTitle "CBM 132 Extra"]
[Source "ChessBase"]
[SourceDate "2009.11.03"]
[SourceVersion "1"]
[SourceVersionDate "2009.11.03"]
[SourceQuality "1"]

1. e4 e5 2. Nf3 Nc6 3. Bb5 a6 4. Ba4 Nf6 5. O-O Be7 6. d3 b5 7. Bb3 d6 8. c3
O-O 9. Re1 Na5 10. Bc2 c5 11. Nbd2 Re8 12. Nf1 Bf8 13. Bg5 h6 14. Bxf6 Qxf6 15.
Ne3 Be6 (15... g6 16. a3 Ra7 17. b4 Nc6 18. Bb3 Be6 19. Qc2 Rc8 20. Qb2 h5 21.
Nd5 Qd8 22. Qd2 a5 23. Ng5 Bh6 24. Nxe6 Bxd2 25. Nxd8 Nxd8 26. Red1 {1-0
Becerra,J (2545)-Ferguson,M (2385)/International Open, Benasque 1996 (38)}) 16.
a3 Rec8 (16... Nc6 17. Bb3 Ne7 18. a4 Reb8 19. Qc2 g6 20. axb5 axb5 21. h4 Bxb3
22. Qxb3 Qe6 23. Qc2 Bg7 24. c4 b4 25. Ra4 h5 {1/2-1/2 Cabrilo,G (2480)
-Ilincic,Z (2490)/JUG-ch 1990 (35)}) 17. Nd2 $6 {this novelty is not better
than the previously played} (17. b4 Nc6 18. Bb3 Ne7 19. Bxe6 Qxe6 20. c4 g6 21.
h3 Bg7 22. Rb1 Rab8 23. cxb5 Rxb5 24. Qa4 Rc6 25. bxc5 Rbxc5 {1-0 Becerra,J 
(2370)-Sisniega,M (2525)/Capablanca mem-A 1992 (39)}) 17... Qd8 $11 18. b4 Nc6
$6 (18... cxb4 19. axb4 Nb7 20. c4 a5 $1 $11) 19. Bb3 $1 $14 Be7 20. Ndf1 (20.
Bxe6 fxe6 21. Qg4 Qd7 22. Nf3 $14) 20... Bg5 $1 {so both players take ideas
from the Sicilian Sveshnikov. The key square in this game so far revolves
around d5} 21. Nd5 a5 22. bxc5 dxc5 23. g3 Rab8 24. h4 Be7 25. Nfe3 Bf8 $11 26.
Kg2 Kh8 {black would like to play f5 at some time and this prophylactic move
prepares it} 27. Kg1 Rb7 (27... Qd7) 28. a4 b4 29. Bc4 Ra7 30. Bb5 Ne7 31. Nxe7
Bxe7 32. Qc2 (32. Bc4 $5) 32... Rb8 33. Red1 g6 34. Bc4 Kg7 35. h5 Bg5 36. Bxe6
Bxe3 37. Bd5 Bg5 {the game offers little chances for both sides and they probe
for weaknesses for the next 10 or so moves} 38. hxg6 fxg6 39. Kg2 Qb6 40. Rab1
Rf8 41. Qe2 Rd7 42. Rb2 Rd6 43. Qg4 Qd8 44. cxb4 cxb4 45. Rc2 h5 46. Qe2 Qb6
47. d4 $1 exd4 (47... Rdf6 48. Qb5 Qxb5 49. axb5 $14) 48. Qc4 (48. f4 Bxf4 49.
gxf4 Rxf4 50. Qc4 Rg4+ 51. Kh3 g5 $11) 48... h4 49. Qc7+ Qxc7 50. Rxc7+ Kh6 51.
f4 Bd8 52. Rb7 $6 (52. Rc5 $11) 52... g5 $1 $15 53. Kf3 gxf4 (53... g4+ $5) 54.
gxf4 Bg5 55. f5 Rc8 56. Kg4 Rc3 {hmmmm, not exactly a dream position for
whitebut she has foreseen this of course} 57. Rg1 $1 Rc8 (57... Re3 58. Rb8 Bd8
59. Rb7 $1 Rxd5 $5 60. exd5 d3 {is Rybka's suggestion with a slight advantage
for black}) 58. Rd1 Rc3 59. Rg1 Rc8 60. Rd1 Rc3 {the players prefer to call it
a day} 61. Rg1 1/2-1/2

[Event "Nanjing FIDE GP (Women)"]
[Site "Nanjing"]
[Date "2009.09.28"]
[Round "1"]
[White "Fierro Baquero, Martha Lorena"]
[Black "Zhu, Chen"]
[Result "1/2-1/2"]
[WhiteElo "2386"]
[BlackElo "2488"]
[Annotator "CB"]
[PlyCount "210"]
[EventDate "2009.09.28"]
[EventType "tourn"]
[EventRounds "11"]
[EventCountry "CHN"]
[EventCategory "8"]
[SourceTitle "CBM 132 Extra"]
[Source "ChessBase"]
[SourceDate "2009.11.03"]
[SourceVersion "1"]
[SourceVersionDate "2009.11.03"]
[SourceQuality "1"]

1. e4 e5 2. Nf3 Nc6 3. Bb5 a6 4. Ba4 Nf6 5. O-O Be7 6. d3 b5 7. Bb3 d6 8. c3
O-O 9. Re1 Re8 10. Ng5 Rf8 11. Nf3 Na5 {Zhu Chen can be commended throughout
the game for trying to win and avoided repetition of position quite a number
of times} 12. Bc2 c5 13. Nbd2 Bb7 14. Nf1 Re8 15. Bg5 Nh5 ({Kasparov-Kamsky
was similar except h6.. Bh4 was inserted} 15... h6 16. Bh4 Nh5 17. Bxe7 Qxe7
18. Ne3 Nf4 19. g3 Ng6 20. a3 Nc6 21. b4 Rad8 22. Rb1 Qd7 23. h4 Qh3 24. Qe2
Nce7 25. a4 Bc6 26. axb5 axb5 27. Qf1 Qe6 28. Nd2 cxb4 29. Rxb4 d5 30. Bb3 {
1-0 Kasparov,G-Kamsky,G/Immopar 1992 (55)}) 16. Bxe7 Qxe7 17. Ne3 g6 18. b4
cxb4 19. cxb4 Nc6 $11 20. Nd5 Qd8 21. Bb3 Ng7 (21... a5 22. a3 Ng7) 22. Qd2 Ne6
23. Rec1 Kg7 24. Ne3 Rc8 25. Bxe6 fxe6 26. Ng4 Rf8 27. Ng5 Qe7 28. Nxh7 $6 (28.
Nf3 $11) 28... Rf4 $5 (28... Kxh7 29. Qh6+ Kg8 30. Qxg6+ Kh8 31. Qh6+ Qh7 32.
Qxe6 Nd4 $1 $17 33. Qxd6 Ne2+ 34. Kh1 Nxc1 35. Qxe5+ Kg8) 29. Nhf6 Rxf6 30.
Qh6+ Kg8 31. Nxf6+ Qxf6 $15 32. Qe3 Qd8 33. Qh6 Qe8 34. f4 exf4 35. Qxf4 Qe7
36. Qe3 e5 (36... Nxb4 $15 37. Rxc8+ Bxc8 38. Rc1 Bd7 39. Rc7 Qg7 $13) 37. a3
Kg7 38. Qb6 Qc7 39. Qe3 Qe7 40. Qb6 Qc7 41. Qe3 Qd8 42. Rf1 Nd4 $15 43. Rac1
Rxc1 44. Rxc1 Bc8 45. h3 Be6 46. Kh2 Bf7 47. Rf1 Qh4 48. Rc1 Qf4+ (48... Qe7)
49. Qxf4 exf4 50. Rc7 Kf6 51. Rd7 Ke6 52. Ra7 Be8 (52... g5 $1 53. Rxa6 Bh5 54.
a4 bxa4 55. Rxa4 Be8 $11) 53. Rxa6 Ne2 54. Ra8 Ke7 55. Ra7+ Bd7 56. a4 $1 {
now itsonly white that can play for a win here} bxa4 57. b5 Kd8 58. b6 Bc6 59.
Rg7 a3 60. Ra7 $6 (60. b7 Bxb7 61. Rxb7 a2 62. Ra7 Nc1 63. d4 $16) 60... Kc8
61. Rxa3 Kb7 62. Ra7+ Kxb6 $11 63. Rg7 Be8 64. Re7 Bb5 65. Re6 Kc7 (65... Kc5
66. Rxg6 Bxd3 67. Rg5+ Kd4 $11) 66. e5 dxe5 67. Rxe5 Bxd3 {both sides must be
careful although the position is equal} 68. Rd5 Be4 69. Rd2 Ng3 70. Kg1 Kc6 71.
Rd8 Kc5 72. Kf2 Bd5 73. Rf8 Nh5 74. Rd8 g5 (74... Kd4 $1 75. Rd6 g5 76. Rg6 Ng3
77. Kg1 Ne4 $15) 75. Rh8 Ng3 76. h4 $1 Ne4+ 77. Kg1 g4 78. Rf8 Nc3 79. Kf2 g3+
80. Kf1 Bc4+ 81. Ke1 Nd5 82. h5 Bd3 83. h6 Ne3 $11 84. Kd2 Bb1 (84... Bg6 85.
Rxf4 Nf5 86. Rxf5+ Bxf5 87. Ke3 Kd5 $11) 85. Rxf4 Nxg2 86. Rg4 Kd5 87. Rxg3 Nf4
88. Rb3 Bg6 89. Ke3 Ne6 90. Rb5+ Kd6 91. Rb7 Nf8 92. Kf4 Ke6 93. Kg5 Be4 (93...
Bf7 94. Rb6+ Ke5 95. Rb8 Nh7+ 96. Kh4 Kf6 $11) 94. Rb6+ Kf7 95. Rb4 Nh7+ 96.
Kf4 Bc2 97. Rc4 Bb1 98. Rc1 Bd3 99. Rg1 Kf6 100. Rg3 Bg6 101. Ra3 Bc2 102. Ra6+
Kf7 103. Ke5 Bd3 104. Ra7+ Kg6 105. Rxh7 Kxh7 1/2-1/2

[Event "AUT-chT 1516"]
[Site "Austria"]
[Date "2016.02.26"]
[Round "6.2"]
[White "Schmaltz, Roland"]
[Black "Schreiner, Peter"]
[Result "0-1"]
[WhiteElo "2504"]
[BlackElo "2422"]
[Annotator "CB"]
[PlyCount "102"]
[EventDate "2015.11.05"]
[EventType "team-tourn"]
[EventRounds "11"]
[EventCountry "AUT"]
[SourceTitle "EXT 2017"]
[Source "ChessBase"]
[SourceDate "2016.10.25"]
[SourceVersion "1"]
[SourceVersionDate "2016.10.25"]
[SourceQuality "1"]
[WhiteTeam "Ottakring"]
[BlackTeam "Raika Feffernitz"]
[WhiteTeamCountry "AUT"]
[BlackTeamCountry "AUT"]

1. e4 e5 2. Nf3 Nc6 3. Bc4 Nf6 4. d3 Be7 5. Bb3 O-O 6. O-O d6 7. Re1 Na5 8. Ba4
a6 9. c3 c5 10. Nbd2 b5 11. Bc2 Nc6 12. Nf1 Re8 13. Ng3 h6 14. h3 Bf8 15. a4
Rb8 16. axb5 axb5 17. Nh2 g6 18. f4 exf4 19. Bxf4 g5 20. Be3 d5 21. Rf1 dxe4
22. dxe4 Qxd1 23. Raxd1 Re6 24. Rd2 Ne5 25. b3 Bb7 26. Rdf2 Ned7 27. Rd1 Bc6
28. Rfd2 Rbe8 29. Bf2 Ne5 30. Rd8 Ng6 31. Rxe8 Rxe8 32. Re1 h5 33. Nf3 h4 34.
Nf5 Nxe4 35. Bxe4 Rxe4 36. Nxg5 Rf4 37. g4 hxg3 38. Nxg3 Bh6 39. Ne6 Rh4 40.
Nxc5 Rxh3 41. Nd3 Bg7 42. c4 bxc4 43. bxc4 {Diagramm [#] Weiß gelingt es, den
vorletzten Bauern abzutauschen, doch sein König steht zu unsicher und die
bestens koordinierten Figuren schnüren innerhalb weniger Züge ein Mattnetz} Nh4
$1 44. Kf1 Nf3 45. Re2 Nh2+ $1 46. Kg1 Ng4 $1 47. Nb4 $1 (47. c5 $2 Nxf2 48.
Kxf2 Bd4+ 49. Ke1 Rxg3 $19) (47. Be1 Bd4+ 48. Kf1 Nh2+ 49. Rxh2 Rxh2 $19) 47...
Bf3 48. Re8+ Kh7 49. Kf1 (49. Nd3 $1 Bc6 (49... Nxf2 $2 50. Kxf2) 50. Rd8 $1
$15 {um dem Lg7 das wichtige Feld d4 zu nehmen, hätte den Laden noch
zusammengehalten}) 49... Be5 50. Ne2 Rh1+ 51. Ng1 Nh2+ {Diagramm [#] und auf
Ke1 folgt ...Lc3#} 0-1

[Event "Isle of Lewis"]
[Site "Isle of Lewis"]
[Date "1995.??.??"]
[Round "1"]
[White "Polgar, Judit"]
[Black "Short, Nigel D"]
[Result "1-0"]
[WhiteElo "2630"]
[BlackElo "2655"]
[Annotator "Chandler,M"]
[PlyCount "149"]
[EventDate "1995.??.??"]
[EventType "tourn"]
[EventRounds "6"]
[EventCountry "SCO"]
[EventCategory "14"]
[SourceTitle "CBM 049"]
[Source "ChessBase"]
[SourceDate "1995.12.01"]
[SourceVersion "1"]
[SourceVersionDate "1995.12.01"]
[SourceQuality "1"]

1. e4 e5 2. Nf3 Nc6 3. Bb5 a6 4. Ba4 Nf6 5. O-O Be7 6. Re1 b5 7. Bb3 O-O 8. d3
d6 9. c3 h6 10. Nbd2 Re8 11. Nf1 Bf8 12. Ng3 g6 (12... Be6 13. d4 Bxb3 14. Qxb3
Na5 15. Qc2 c5 16. b3 cxd4 17. cxd4 Rc8 18. Qd2 g6 19. Bb2 exd4 20. Nxd4 Bg7
21. Rad1 d5 22. exd5 Rxe1+ 23. Qxe1 Nxd5 24. Ne6 Qe7 25. Nxg7 Qxe1+ 26. Rxe1
Nb4 27. Rd1 Rc2 28. Rd8+ Kh7 29. Bf6 Nac6 30. Rf8 Nd5 31. Ne8 Nxf6 32. Rxf7+ {
1-0 Polgar,J-Schroll,G/Vienna (07) ;CBM 26 1991}) 13. h3 Bg7 14. d4 (14. Nh2
Na5 15. Bc2 d5 16. Nf3 dxe4 17. dxe4 Qxd1 18. Rxd1 {1/2-1/2 Smagin,S-Razuvaev,
Y/Valby K41 (05) ;CBM 27 1991}) 14... Bd7 15. Bc2 Nh7 16. Be3 Ng5 17. Nxg5 hxg5
18. Qd2 Bf6 19. d5 Na5 20. b3 Be7 21. c4 c5 22. dxc6 Bxc6 23. cxb5 axb5 24.
Red1 Kg7 25. f3 f6 26. Qf2 Qb8 27. Nh1 $6 (27. Rac1 $5) 27... Rc8 28. Rd2 Bd7
29. Rad1 Be6 30. h4 gxh4 31. Qxh4 Rh8 32. Qg3 Nc6 33. Bb1 Kf7 34. Nf2 g5 35.
Ng4 Qb7 36. Rc1 Rac8 37. Rdd1 Rh4 38. Qe1 Bxg4 39. fxg4 Rch8 40. Qe2 Nd4 41.
Bxd4 exd4 42. Bd3 Bd8 43. Qf3 Qd7 44. Qf5 Qxf5 45. gxf5 Bb6 46. b4 Rxe4 {
Spectacular!} 47. Rc6 $1 $36 (47. Bxe4 $2 d3+ 48. Kf1 $2 (48. Rc5 $8) 48...
Rh1#) 47... Reh4 48. Re1 Bd8 49. Rxd6 Be7 50. Rd7 Rh1+ 51. Kf2 Rxe1 52. Kxe1
Ra8 53. Bxb5 Kf8 54. Rxd4 Rxa2 55. Bc6 Rb2 56. b5 Bc5 57. Rd8+ Ke7 58. Rd7+ Kf8
59. Rb7 Bd4 60. Kd1 Be3 61. Rd7 Bf4 62. Rh7 Be3 63. Rh3 Bf4 64. Rd3 Ke7 65. Rd4
Kf8 66. Rd7 Be3 67. Rd6 Kg7 68. Re6 Bf4 69. g4 Rd2+ 70. Ke1 Rb2 71. Be8 Bg3+
72. Kd1 Bf4 73. b6 Rd2+ 74. Ke1 Rb2 75. Bg6 $138 1-0

[Event "Linares 07th"]
[Site "Linares"]
[Date "1989.??.??"]
[Round "?"]
[White "Short, Nigel D"]
[Black "Karpov, Anatoly"]
[Result "1-0"]
[WhiteElo "2650"]
[BlackElo "2750"]
[Annotator "ChessBase"]
[PlyCount "87"]
[EventDate "1989.01.??"]
[EventType "tourn"]
[EventRounds "11"]
[EventCountry "ESP"]
[EventCategory "16"]
[SourceTitle "CBM 011"]
[Source "ChessBase"]
[SourceDate "1989.08.01"]
[SourceVersion "1"]
[SourceVersionDate "1989.08.01"]
[SourceQuality "1"]

1. e4 e5 2. Nf3 Nc6 3. Bb5 a6 4. Ba4 Nf6 5. O-O Be7 6. Re1 b5 7. Bb3 d6 8. c3
Bg4 $6 9. d3 $1 (9. h3 $6 Bh5 10. d3 Qd7 $5 {/\ ...h6, ...g5}) 9... O-O 10.
Nbd2 Na5 11. Bc2 c5 12. Nf1 Ne8 13. Ne3 Bh5 14. g4 $1 Bg6 15. d4 $1 exd4 (15...
Bf6 16. Nd5 $1 $14) (15... f6 16. dxc5 dxc5 17. Qxd8 Rxd8 18. Nd5 $14) 16. cxd4
h5 $2 17. dxc5 dxc5 18. Ne5 Qxd1 19. Rxd1 hxg4 20. Bd2 $1 $16 (20. Nd7 $6 $14)
20... Nb7 21. Nxg6 fxg6 22. e5 Kh7 23. Nd5 Bd8 24. Nf4 Rf5 $5 (24... Kg8 25.
Be4 $1 {25.Bxg6!?} Rb8 26. Nxg6 Rf7 $6 27. Bd5 $18) 25. Bxf5 gxf5 26. Be3 Bc7
27. Rd5 Na5 28. Bxc5 Nc4 29. Nd3 Nd2 30. Kg2 Ne4 31. Rc1 Bd8 32. Be3 Nc7 33.
Rd7 Ne6 34. Nf4 Nf8 35. Rb7 Bg5 36. Rcc7 Bxf4 37. Rxg7+ Kh8 38. Bxf4 Ne6 39.
Rh7+ Kg8 40. Bh6 f4 41. Rhe7 f3+ 42. Kf1 N4c5 43. Rb6 Rd8 44. Rd6 1-0

[Event "Interzonal-16"]
[Site "Biel"]
[Date "1993.??.??"]
[Round "5"]
[White "Smirin, Ilia"]
[Black "Topalov, Veselin"]
[Result "1-0"]
[WhiteElo "2640"]
[BlackElo "2650"]
[Annotator "ChessBase"]
[PlyCount "61"]
[EventDate "1993.07.16"]
[EventType "swiss"]
[EventRounds "13"]
[EventCountry "SUI"]
[SourceTitle "CBM 037"]
[Source "ChessBase"]
[SourceDate "1993.12.01"]
[SourceVersion "1"]
[SourceVersionDate "1993.12.01"]
[SourceQuality "1"]

1. e4 e5 2. Nf3 Nc6 3. Bb5 a6 4. Ba4 Nf6 5. O-O Be7 6. Re1 b5 7. Bb3 O-O 8. d3
d6 9. c3 Na5 10. Bc2 c5 11. Nbd2 Bb7 12. Nf1 Re8 13. a4 (13. a3) 13... h6 14.
Ng3 Bf8 15. d4 $1 Qc7 (15... Nc4 $142) 16. d5 Nc4 17. b3 Nb6 18. Be3 bxa4 $6
19. bxa4 Nc4 20. Bc1 Bc8 21. Qd3 Na5 22. c4 $16 Bd7 23. Bd2 Rab8 24. Rab1 Be7
25. Bc3 Bd8 26. Bxa5 Rxb1 27. Bxc7 Rxe1+ 28. Nxe1 Bxc7 29. Qc3 g6 30. Nd3 h5
31. f3 1-0

[Event "OHRA Crown Group"]
[Site "Amsterdam"]
[Date "1985.07.21"]
[Round "6"]
[White "Nunn, John DM"]
[Black "Karpov, Anatoly"]
[Result "0-1"]
[WhiteElo "2600"]
[BlackElo "2720"]
[Annotator "ChessBase"]
[PlyCount "78"]
[EventDate "1985.07.15"]
[EventType "tourn"]
[EventRounds "10"]
[EventCountry "NED"]
[EventCategory "14"]
[SourceTitle "MCL"]
[Source "ChessBase"]
[SourceDate "1999.07.01"]
[SourceVersion "1"]
[SourceVersionDate "1999.07.01"]
[SourceQuality "1"]

1. e4 e5 2. Nf3 Nc6 3. Bb5 a6 4. Ba4 Nf6 5. O-O Be7 6. Re1 b5 7. Bb3 O-O 8. a4
b4 9. a5 d6 10. c3 Rb8 11. Bc4 (11. d3 bxc3 12. bxc3 Na7 $10) 11... bxc3 12.
dxc3 (12. bxc3 $2 Nxa5 $1) 12... Na7 13. Nbd2 Bb7 $6 (13... Nb5 $5) 14. Qc2 Nb5
15. Nf1 Bc6 16. Ng3 Bd7 17. h3 Qc8 (17... Be6 18. Bxe6 fxe6 19. Ng5 Qd7 20. Qb3
$16) 18. Bd3 Be6 19. Be3 c5 (19... h6 20. c4 $16) 20. Nd2 Qc6 (20... c4 21. Bf1
{/\ Ra4}) 21. Nc4 Nd7 22. Rad1 Kh8 23. Qe2 Rfe8 24. f4 $1 exf4 25. Bxf4 Bf6 26.
Nh5 Be5 27. Qf2 f6 (27... Bxf4 $6 28. Nxf4 f6 29. Nxe6 Rxe6 30. Ne3 Ne5 31. Bb1
{/\ Ba2}) 28. Bc1 Qc7 29. Rf1 Re7 30. Qh4 Bxc4 $5 31. Bxc4 Qxa5 $1 32. Rf5 $40
Qd8 (32... g6 33. Rxe5 $1 Rxe5 34. Nxf6 Re7 35. Nxd7 Rxd7 36. Qf6+ Rg7 37. Bh6
Qc7 38. e5 $1 $18) 33. Nf4 Bxf4 $8 34. Bxf4 $2 (34. Qxf4 $44) 34... Qe8 $1 35.
Qg3 (35. Rh5 $2 g5 $1 $19) 35... Rxe4 36. Bd3 Re7 (36... Re6 37. Bc4 Re4 38.
Bd3 $10) 37. c4 (37. Bxd6 Nxd6 38. Qxd6 Rxb2 39. Bxa6 Rb6 $17) 37... Nd4 38.
Bxd6 Re3 39. Qf2 (39. Bxb8 Rxg3 40. Bxg3 Nxf5 41. Bxf5 Ne5 $19) 39... Rb3 0-1